Bosnia and Herzegovina : Technical Assistance Report-Report on Government Finance Statistics Technical Assistance Mission.

This technical assistance report (TA) report specifies mission's efforts to support the Bosnia and Herzegovina authorities, with a specific focus on the Republic of Srpska (RS), in improving government finance statistics (GFS) for decision making. This mission's focus has been to continue...

Cijeli opis

Bibliografski detalji
Autor kompanije: International Monetary Fund. Statistics Dept
Format: Žurnal
Jezik:English
Izdano: Washington, D.C. : International Monetary Fund, 2019.
Serija:IMF Staff Country Reports; Country Report ; No. 2019/036
Online pristup:Full text available on IMF
LEADER 02193cas a2200241 a 4500
001 AALejournalIMF022097
008 230101c9999 xx r poo 0 0eng d
020 |c 5.00 USD 
020 |z 9781484397336 
022 |a 1934-7685 
040 |a BD-DhAAL  |c BD-DhAAL 
110 2 |a International Monetary Fund.  |b Statistics Dept. 
245 1 0 |a Bosnia and Herzegovina :   |b Technical Assistance Report-Report on Government Finance Statistics Technical Assistance Mission. 
264 1 |a Washington, D.C. :  |b International Monetary Fund,  |c 2019. 
300 |a 1 online resource (26 pages) 
490 1 |a IMF Staff Country Reports 
500 |a <strong>Off-Campus Access:</strong> No User ID or Password Required 
500 |a <strong>On-Campus Access:</strong> No User ID or Password Required 
506 |a Electronic access restricted to authorized BRAC University faculty, staff and students 
520 3 |a This technical assistance report (TA) report specifies mission's efforts to support the Bosnia and Herzegovina authorities, with a specific focus on the Republic of Srpska (RS), in improving government finance statistics (GFS) for decision making. This mission's focus has been to continue developing reconciliation processes, to develop a compilation process for nonbudgetary public sector units, and to discuss classification questions in context of GFS compilation per the European System of National and Regional Accounts 2010 and the Government Finance Statistics Manual 2014. This mission initiated the development of a standardized compilation procedure for nonbudgetary public sector units, and, more specifically extra-budgetary units. The August 2017 mission mapped out flows between the budget, the health fund, the health institutions, and patients (household), concerning the provision of health care and its funding. This mapping is expected to help serve the classification of functional expenditure of the health fund and the health care providers. 
538 |a Mode of access: Internet 
830 0 |a IMF Staff Country Reports; Country Report ;  |v No. 2019/036 
856 4 0 |z Full text available on IMF  |u http://elibrary.imf.org/view/journals/002/2019/036/002.2019.issue-036-en.xml  |z IMF e-Library